000 00671 a2200229 4500
005 20260401105643.0
008 260319b |||||||| |||| 00| 0 eng d
020 _a9783031778636
_cRs. 1795.00
040 _aMAIN
082 _a305.5688
_bP193D
100 _aPankaj, Ajeet Kumar
245 _aDalit migrants: Assertion, emancipation, and social change
260 _bRawat Publication
_c2025
_aManipur
300 _axxiii, 140
440 _aSpringer series in social work and social change
650 _aSocial Sciences
650 _aSocial Groups
650 _aSocial Classes
650 _aLower Classes
650 _aScheduled castes-India
942 _cBK
999 _c395743
_d395743